| 000 | 00632nam a2200205Ia 4500 | ||
|---|---|---|---|
| 003 | OSt | ||
| 005 | 20230610112259.0 | ||
| 008 | 210423s1995 xx 000 0 und d | ||
| 040 | _cAL | ||
| 082 |
_a340 PULK _223 |
||
| 100 |
_aPULIAM (Sathpal) _9123134 |
||
| 245 | _aKarnataka shops and commercial establishments act 1961 along with allied laws | ||
| 260 |
_aBombay _bUniversal Law Publications _c1995 |
||
| 300 | _a142 | ||
| 365 |
_b75 _cINR |
||
| 650 |
_aLaw _9123135 |
||
| 650 |
_aSocial Sciences _9123136 |
||
| 906 | _a1961 ; act ; allied ; along ; commercial ; establishments ; Karnataka ; laws ; shops | ||
| 942 |
_2ddc _cBK |
||
| 999 |
_c174170 _d174170 |
||